00779nam a2200217 a 450000100060000000300080000600500170001400800410003103500190007204000320009104100080012308200250013110000290015624501020018526000540028730000210034165000280036294200120039099900170040295201420041947971BD-RjUL20211209054431.0160811m19631949enk 000 0 eng d a(BD-RjUL)48090 aDLCcDZMdEQOdBD-RjULbeng aeng a338.91223bLEP 19631 aLewis, W. Arthur914553214aThe principles of economic planning :ba study prepared for the Fabian Society /cW. Arthur Lewis aLondon :bD. Dobson,c1949, [7th Impression 1963] a128 p. ;c22 cm. 0aEconomic policy9145533 2ddccBK c47971d47971 00102ddc40708NFICaRUCLbRUCLcStackd1964-05-22eThomas and Thog10.00l0o338.91 LEP 1963r2016-08-11 00:00:00tC-2w2016-08-11yBK